[Event "AUTO-ADV-1328"]
[Site "http://www.queenalice.com/game.php?id=588160"]
[Date "2009.5.14"]
[Round "1"]
[White "jbudau"]
[Black "AG1"]
[Result "0-1"]
[WhiteElo "1636"]
[BlackElo "1809"]

1. e4 e5 2. Nf3 Nc6 3. b3 Nf6 4. d3 Bc5 5. Bb2 d6 6. Be2 O-O 7. O-O Re8 8. Nbd2
Bg4 9. Ne1 Bxe2 10. Qxe2 Nd4 11. Bxd4 Bxd4 12. Rb1 Qd7 13. Nef3 Qg4 14. Nxd4
exd4 15. f3 Qg5 16. Rf2 Nh5 17. Rbf1 Nf4 18. Qe1 Nh3+ 19. Kh1 Nxf2+ 20. Qxf2 c5
21. Nc4 Re6 22. f4 Qe7 23. g4 d5 24. f5 Rh6 25. g5 Qxg5 26. Ne5 dxe4 27. dxe4
Qe7 28. Qf4 Re8 29. Ng4 Ra6 30. Re1 h5 31. Nf2 Rxa2 32. Rg1 Qf6 0-1

[Event "AUTO-ADV-1328"]
[Site "http://www.queenalice.com/game.php?id=588175"]
[Date "2009.5.14"]
[Round "1"]
[White "jbudau"]
[Black "Dedeiw"]
[Result "0-1"]
[WhiteElo "1641"]
[BlackElo "1911"]

1. e4 c5 2. Nf3 d6 3. d4 cxd4 4. Nxd4 Nf6 5. Bd3 e6 6. O-O Be7 7. b3 O-O 8. Bb2
Bd7 9. c4 Nc6 10. Ne2 Nb4 11. Nbc3 Nxd3 12. Qxd3 Bc6 13. Ng3 a6 14. f4 Qc7 15.
Nce2 Rad8 16. Rad1 Nd7 17. Nd4 Nc5 18. Qe3 Rfe8 19. Nf3 d5 20. Ne5 dxe4 21. Nxc6
Qxc6 22. Nh5 Nd3 23. Qg3 g6 24. Bf6 Qc5+ 25. Kh1 Qxh5 26. Bxe7 Rxe7 0-1

[Event "AUTO-ADV-1328"]
[Site "http://www.queenalice.com/game.php?id=588176"]
[Date "2009.5.14"]
[Round "1"]
[White "Dedeiw"]
[Black "jbudau"]
[Result "0-1"]
[WhiteElo "1960"]
[BlackElo "1670"]

1. e4 c5 2. Nf3 Nc6 3. Nc3 a6 4. g3 d6 5. d4 cxd4 6. Nxd4 Nf6 7. Bg2 e5 8. Nde2
Be7 9. O-O b5 10. a3 Bb7 11. f4 exf4 12. Nxf4 Ne5 13. Nfd5 Nxd5 14. exd5 O-O 15.
Qh5 Qd7 16. Be4 Ng6 17. Bf5 Qc7 18. Bg5 Bxg5 19. Qxg5 Qe7 20. Qxe7 Nxe7 21. Be4
Ng6 22. Rae1 Ne5 23. Nd1 Ng4 24. Bg2 f5 25. Ne3 Nxe3 26. Rxe3 Rae8 27. Rfe1 Rxe3
28. Rxe3 Kf7 29. Re6 Rd8 30. Kf2 g6 31. Ke3 Bc8 32. b4 Bxe6 33. dxe6+ Kxe6 34.
Bb7 Rb8 35. Bxa6 Kd7 36. c4 bxc4 37. Bxc4 Ke7 38. Kd4 Ra8 39. h3 Rxa3 40. b5 Ra1
41. Bd5 Rb1 42. Bc4 Kd7 0-1

[Event "AUTO-ADV-1328"]
[Site "http://www.queenalice.com/game.php?id=588177"]
[Date "2009.5.14"]
[Round "1"]
[White "jbudau"]
[Black "erivaldoadao"]
[Result "1/2-1/2"]
[WhiteElo "1645"]
[BlackElo "1546"]

1. e4 c5 2. Nf3 d6 3. d4 cxd4 4. Nxd4 Nf6 5. Bd3 e5 6. Ne2 Be7 7. O-O O-O 8. b3
a6 9. Bb2 b5 10. Nbc3 Bb7 11. Ng3 Nbd7 12. f4 exf4 13. Rxf4 Nc5 14. Nf5 Nxd3 15.
cxd3 Bc8 16. Nxe7+ Qxe7 17. Ne2 Nh5 18. Rf2 Bg4 19. Qd2 Bxe2 20. Qxe2 Nf6 21.
Bxf6 gxf6 22. Qg4+ Kh8 23. Rf5 Rg8 24. Qh3 Rg7 25. Raf1 Rg6 26. Rh5 Rg7 27. Qh4
Rag8 28. g3 Qa7+ 29. Kg2 Qe3 30. Qxf6 Qe2+ 31. Rf2 Qxh5 32. Rf5 Qe2+ 33. Kh3
Qxd3 34. Rg5 Qxe4 35. Rxg7 Rxg7 36. Qd8+ Rg8 37. Qf6+ Rg7 38. Qd8+ 1/2-1/2

[Event "AUTO-ADV-1328"]
[Site "http://www.queenalice.com/game.php?id=588178"]
[Date "2009.5.14"]
[Round "1"]
[White "erivaldoadao"]
[Black "jbudau"]
[Result "0-1"]
[WhiteElo "1605"]
[BlackElo "1630"]

1. e4 c5 2. Nf3 d6 3. d4 cxd4 4. Nxd4 e5 5. Nf3 Nf6 6. Bg5 Be7 7. Bd3 O-O 8. O-O
Nfd7 9. Bxe7 Qxe7 10. Nc3 Nf6 11. a3 Nc6 12. b4 a6 13. Nd5 Nxd5 14. exd5 Na7 15.
Re1 Bd7 16. c4 b6 17. c5 bxc5 18. Bxa6 Nb5 19. Bxb5 Bxb5 20. a4 Bd7 21. bxc5
dxc5 22. Nxe5 Qd6 23. Nc4 Qc7 24. Re7 Rfe8 25. Rxe8+ Rxe8 26. d6 Qc6 27. h3 Re4
28. Nd2 Rd4 29. Qe2 Rxd6 30. Nc4 Bxh3 31. f3 Rg6 32. Ne5 Qe6 33. g4 f6 0-1

[Event "AUTO-ADV-1451"]
[Site "http://www.queenalice.com/game.php?id=642055"]
[Date "2009.8.25"]
[Round "1"]
[White "Panoramix"]
[Black "jbudau"]
[Result "0-1"]
[WhiteElo "1736"]
[BlackElo "1651"]

1. e4 c5 2. Nf3 Nc6 3. d4 cxd4 4. Nxd4 e5 5. Nb5 d6 6. c4 a6 7. N5c3 Nf6 8. Be2
Nd4 9. Be3 Nxe2 10. Qxe2 Be7 11. Nd5 Nxd5 12. cxd5 O-O 13. Nd2 f5 14. f3 f4 15.
Bf2 b5 16. g3 Bh3 17. gxf4 exf4 18. Rg1 Rc8 19. Bd4 Bf6 20. Nb3 Rc4 21. Nd2 Rxd4
0-1

[Event "AUTO-ADV-1451"]
[Site "http://www.queenalice.com/game.php?id=642056"]
[Date "2009.8.25"]
[Round "1"]
[White "jbudau"]
[Black "Panoramix"]
[Result "0-1"]
[WhiteElo "1651"]
[BlackElo "1734"]

1. e4 e6 2. d4 d5 3. e5 c5 4. Be3 cxd4 5. Bxd4 Nc6 6. c3 Nxd4 7. cxd4 Qb6 8. b3
Bb4+ 9. Ke2 Bd7 10. Ke3 Nh6 11. Bd3 Rc8 12. a3 Be7 13. f4 f6 14. h3 g5 15. g3
gxf4+ 16. gxf4 fxe5 17. Qh5+ Nf7 18. Ne2 exd4+ 19. Nxd4 Bf6 20. Kf3 Qxd4 0-1

[Event "AUTO-ADV-1451"]
[Site "http://www.queenalice.com/game.php?id=642069"]
[Date "2009.8.25"]
[Round "1"]
[White "stoyan1"]
[Black "jbudau"]
[Result "1-0"]
[WhiteElo "1876"]
[BlackElo "1688"]

1. e4 c5 2. Nf3 Nc6 3. c3 a6 4. d4 cxd4 5. Nxd4 e5 6. Nf3 Nf6 7. Bd3 Be7 8. O-O
O-O 9. Bg5 d6 10. Nbd2 b5 11. a4 bxa4 12. Rxa4 Bb7 13. Qb3 Rb8 14. Rfa1 a5 15.
Bb5 Na7 16. Rxa5 Bc6 17. Rxa7 Rxb5 18. Qc2 h6 19. Bxf6 Bxf6 20. c4 Rb7 21. Rxb7
Bxb7 22. b4 Qb6 23. Qc3 Rc8 24. Qd3 Bg5 25. Nxg5 hxg5 26. b5 g6 27. Re1 Kg7 28.
h3 f6 29. g4 Rc7 30. Ra1 Ba8 31. Rxa8 1-0

[Event "AUTO-ADV-1451"]
[Site "http://www.queenalice.com/game.php?id=642070"]
[Date "2009.8.25"]
[Round "1"]
[White "jbudau"]
[Black "stoyan1"]
[Result "1-0"]
[WhiteElo "1668"]
[BlackElo "1838"]

1. e4 e5 2. Nf3 d6 3. d4 exd4 4. Nxd4 Qf6 5. Be2 c5 6. Nf3 Nc6 7. Nc3 a6 8. O-O
h6 9. Nd5 Qd8 10. a3 Be6 11. c4 Bxd5 12. exd5 Ne5 13. Re1 Be7 14. Nxe5 dxe5 15.
Bg4 Bd6 16. f4 f6 17. Bh5+ Kd7 18. Qg4+ Kc7 19. Qxg7+ Ne7 20. fxe5 fxe5 21. b4
Qf8 22. Qg4 Qf5 23. Qxf5 Nxf5 24. Kh1 Raf8 25. Bb2 Nd4 26. Bxd4 exd4 27. bxc5
Bxc5 28. a4 Rh7 29. Rab1 Re7 30. Re6 Rxe6 31. dxe6 Rf5 32. g4 Re5 33. Bf7 d3 34.
Rd1 Rg5 35. h3 Kb6 36. Rxd3 Re5 37. Kg2 Ka5 38. Kf3 Kxa4 39. Kf4 Re1 40. Kf5 b5
41. cxb5 axb5 42. Kg6 b4 43. Kxh6 b3 44. Rxb3 Kxb3 45. e7+ Kc3 46. e8=Q Rxe8 47.
Bxe8 Kd4 48. g5 Ke5 49. g6 Bf8+ 50. Kh7 Kf6 51. h4 Kf5 52. h5 Kf6 53. h6 Ke7 54.
Bf7 1-0

[Event "AUTO-ADV-1451"]
[Site "http://www.queenalice.com/game.php?id=642077"]
[Date "2009.8.25"]
[Round "1"]
[White "garca"]
[Black "jbudau"]
[Result "1-0"]
[WhiteElo "1787"]
[BlackElo "1680"]

1. e4 c5 2. Nc3 Nc6 3. d3 e6 4. Nf3 Be7 5. Be2 d6 6. h3 Nf6 7. O-O Nd4 8. Nxd4
cxd4 9. Nb1 e5 10. f4 exf4 11. Bxf4 O-O 12. Nd2 h6 13. Nf3 Nh5 14. Bh2 f5 15.
Nxd4 Nf6 16. Nxf5 Bxf5 17. Rxf5 Qb6+ 18. Kh1 Qxb2 19. Rb1 Qxa2 20. Rxb7 Rfe8 21.
Bh5 Nxh5 22. Qxh5 Qxc2 23. Rf7 Bf6 24. Rxf6 Qc1+ 25. Bg1 Qg5 26. Qf7+ Kh8 27.
Rxd6 Rac8 28. Rdd7 1-0

[Event "AUTO-ADV-1451"]
[Site "http://www.queenalice.com/game.php?id=642078"]
[Date "2009.8.25"]
[Round "1"]
[White "jbudau"]
[Black "garca"]
[Result "0-1"]
[WhiteElo "1698"]
[BlackElo "1838"]

1. e4 e5 2. Nf3 d6 3. d4 exd4 4. Nxd4 Bd7 5. Bd3 Nc6 6. Be3 Nxd4 7. Bxd4 Nf6 8.
O-O Be7 9. f4 O-O 10. e5 dxe5 11. fxe5 Ne8 12. Qh5 g6 13. Qh6 Bg5 14. Qxf8+ Kxf8
15. Rxf7+ Kxf7 16. Bc4+ Be6 0-1

[Event "AUTO-ADV-1503"]
[Site "http://www.queenalice.com/game.php?id=666717"]
[Date "2009.10.13"]
[Round "1"]
[White "yclaudiu35"]
[Black "jbudau"]
[Result "1-0"]
[WhiteElo "1801"]
[BlackElo "1712"]

1. e4 c5 2. Nc3 Nc6 3. Nf3 e6 4. d4 cxd4 5. Nxd4 d6 6. Bb5 Bd7 7. Nxc6 bxc6 8.
Ba4 Nf6 9. Bg5 Be7 10. Bxf6 Bxf6 11. Qxd6 Bxc3+ 12. bxc3 Qa5 13. Qb4 Qg5 14. Qb7
Rd8 15. O-O O-O 16. Qxa7 e5 17. Rfe1 Qg4 18. f3 Qe6 19. Qc5 Qg6 20. Qxe5 Bh3 21.
Qg3 Qxg3 22. hxg3 Be6 23. Bxc6 Rd2 24. Ba4 Rc8 25. Re3 Rcd8 26. Bb3 Bxb3 27.
cxb3 Ra8 28. a4 1-0

[Event "AUTO-ADV-1503"]
[Site "http://www.queenalice.com/game.php?id=666718"]
[Date "2009.10.13"]
[Round "1"]
[White "jbudau"]
[Black "yclaudiu35"]
[Result "1-0"]
[WhiteElo "1691"]
[BlackElo "1812"]

1. e4 e5 2. Nf3 Qf6 3. b3 Bc5 4. Bb2 Nc6 5. Be2 d6 6. O-O Nge7 7. c3 a6 8. d4
exd4 9. cxd4 Bb6 10. Na3 Ng6 11. Nc4 Ba7 12. d5 Nge5 13. Ncxe5 dxe5 14. dxc6
Qxc6 15. Bxe5 f6 16. Bb2 Qxe4 17. Re1 O-O 18. Bc4+ Qxc4 19. bxc4 Bg4 20. Qd3
Rad8 21. Qc3 Rd7 22. Rad1 Rfd8 23. Rxd7 Rxd7 24. Re8+ Kf7 25. Qe1 Bc5 26. Rb8 b6
27. Qe8# 1-0

[Event "AUTO-ADV-1503"]
[Site "http://www.queenalice.com/game.php?id=666733"]
[Date "2009.10.13"]
[Round "1"]
[White "jbudau"]
[Black "Henderb"]
[Result "0-1"]
[WhiteElo "1700"]
[BlackElo "1889"]

1. e4 c6 2. d4 d5 3. e5 Bf5 4. Nf3 e6 5. Be2 f6 6. Nh4 fxe5 7. Nxf5 exf5 8. dxe5
Nd7 9. O-O Nxe5 10. f4 Ng6 11. b3 Qf6 12. c3 Bc5+ 13. Kh1 Nh6 14. Bh5 O-O 15.
Na3 Rfe8 16. Bb2 Qd6 17. Nc2 Re4 18. Bxg6 Qxg6 19. Qd3 Ng4 20. Nd4 Rae8 21. h3
Ne3 22. Rf2 Rxf4 23. Re2 Bxd4 24. cxd4 Rfe4 25. Rg1 Qg3 26. Bc1 f4 27. Bxe3 Rxe3
28. Rxe3 Rxe3 29. Qf5 g6 30. Qc8+ Kg7 31. Qxb7+ Kh6 32. Qd7 Re2 33. Qxa7 f3 0-1

[Event "AUTO-ADV-1503"]
[Site "http://www.queenalice.com/game.php?id=666734"]
[Date "2009.10.13"]
[Round "1"]
[White "Henderb"]
[Black "jbudau"]
[Result "1-0"]
[WhiteElo "1878"]
[BlackElo "1700"]

1. c4 e5 2. Nc3 Nf6 3. Nf3 e4 4. Ng5 Bc5 5. Ngxe4 Nxe4 6. Nxe4 Be7 7. b3 O-O 8.
g3 f5 9. Nc3 Bf6 10. Bb2 b6 11. Bg2 c6 12. d4 Bb7 13. Nb5 d5 14. Na3 Nd7 15.
cxd5 cxd5 16. e3 a6 17. O-O Rc8 18. Nc4 Qc7 19. Nd2 Be7 20. Rc1 Qd6 21. Qe2 Nf6
22. Nc4 Qd7 23. Nxb6 Qb5 24. Qxb5 axb5 25. Nxc8 Bxc8 26. Rc7 Bb4 27. Rfc1 Ba6
28. Ra7 Bc8 29. Rcc7 Bd6 30. Bxd5+ Kh8 31. Rxg7 h6 32. Bc6 Bb8 33. Rgf7 Rxf7 34.
Rxf7 1-0

[Event "AUTO-ADV-1503"]
[Site "http://www.queenalice.com/game.php?id=666735"]
[Date "2009.10.13"]
[Round "1"]
[White "jbudau"]
[Black "vila1"]
[Result "0-1"]
[WhiteElo "1700"]
[BlackElo "1900"]

1. e4 c6 2. d4 d5 3. e5 Bf5 4. Nf3 h6 5. Bd3 Bxd3 6. Qxd3 e6 7. O-O a6 8. c4
dxc4 9. Qxc4 Qd5 10. Qc3 Ne7 11. Nh4 Nd7 12. Nd2 Nb6 13. b3 O-O-O 14. Nhf3 Nf5
15. Nc4 Nxc4 16. bxc4 Qe4 17. Re1 Qg4 18. Rb1 h5 19. h3 Qg6 20. Bd2 c5 21. Qa5
Nxd4 22. Nxd4 Rxd4 23. Rb3 Rxc4 24. Reb1 Qe4 25. Rxb7 Qxb7 26. Rxb7 Kxb7 27. Qd8
Rd4 28. Qe8 Rxd2 29. Qxf7+ Ka8 30. Qxe6 Kb7 31. Qf7+ Kb6 32. Qb3+ Kc7 33. Qc3
Rd1+ 34. Kh2 Rh6 35. Qa5+ Rb6 36. a4 Rd5 37. Qe1 Re6 38. f4 g5 39. g3 gxf4 40.
gxf4 Rd4 41. f5 Rxe5 42. Qa5+ Kb7 0-1

[Event "AUTO-ADV-1503"]
[Site "http://www.queenalice.com/game.php?id=666736"]
[Date "2009.10.13"]
[Round "1"]
[White "vila1"]
[Black "jbudau"]
[Result "1-0"]
[WhiteElo "1928"]
[BlackElo "1692"]

1. Nf3 b6 2. c4 Bb7 3. Nc3 e6 4. d3 Nf6 5. Bg5 Be7 6. g3 d5 7. cxd5 exd5 8. Bg2
O-O 9. O-O d4 10. Bxf6 Bxf6 11. Nb5 c5 12. Rc1 a6 13. Na3 Nd7 14. Nc4 b5 15. Nd6
Bd5 16. b3 Nb6 17. Ne4 Be7 18. Nxc5 Bxc5 19. Rxc5 Rc8 20. Rxc8 Qxc8 21. Nxd4
Bxg2 22. Kxg2 Qb7+ 23. Kg1 Nd5 24. Qd2 Qb6 25. Nf3 a5 26. Rc1 b4 27. e4 Nc3 28.
Rxc3 bxc3 29. Qxc3 Qa6 30. Nd2 Rc8 31. Nc4 a4 32. Qb4 axb3 33. axb3 Qa1+ 34. Kg2
Qa7 35. Qa4 Qd4 36. Qa6 Rf8 37. Nd6 Qc3 38. Qc4 Qf6 39. Nf5 Rd8 40. b4 Kh8 41.
b5 g6 42. Nh6 Rf8 43. h4 Kg7 44. Ng4 Qd6 45. e5 Qe6 46. Ne3 Rb8 47. Qc5 Qb3 48.
Qc4 Rxb5 49. Qxb3 Rxb3 50. d4 Rd3 51. d5 Kf8 52. Kf3 Rd2 53. d6 Ke8 54. Ng4 h5
55. Nf6+ Kd8 56. Ke3 Rd1 57. Kf4 Rd2 58. f3 Re2 59. Nh7 Ke8 60. Ng5 Kd8 61.
Nxf7+ Kd7 62. Nh8 1-0

[Event "Challenge #1"]
[Site "http://www.queenalice.com/game.php?id=803417"]
[Date "2010.7.14"]
[Round "-"]
[White "aknightout"]
[Black "jbudau"]
[Result "1-0"]
[WhiteElo "1971"]
[BlackElo "1696"]

1. e4 Nf6 2. d3 d6 3. Nf3 e5 4. g3 Be7 5. Bg2 Bg4 6. h3 Bd7 7. O-O O-O 8. Re1 c5
9. Nbd2 Nc6 10. c3 b6 11. Nf1 Rb8 12. Ne3 Qc8 13. Kh2 Nd8 14. g4 Ne6 15. Nf5 Qd8
16. Bd2 Nc7 17. Qc1 a5 18. Nh6+ Kh8 19. Nf5 Bb5 20. c4 Bc6 21. Kg3 Ne6 22. h4
Nd4 23. N3xd4 cxd4 24. Qd1 Bd7 25. g5 Bxf5 26. exf5 Nd7 27. Rh1 Nc5 28. Qf3 Na6
29. Qh5 g6 30. Qg4 f6 31. fxg6 Rg8 32. h5 fxg5 33. Qe6 Nc5 34. Qf7 Rg7 35. Qf5
h6 36. b4 Nd7 37. bxa5 bxa5 38. Bxa5 Qxa5 39. Qxd7 Bf8 40. Qf5 Qd2 41. Rab1 Qf4+
42. Qxf4 gxf4+ 43. Kg4 Rc8 44. Rb5 Be7 45. a4 Bd8 46. a5 Ra7 47. Bb7 Rb8 48. a6
Bc7 49. Kf5 Kg7 50. Ke6 Rd8 51. Rhb1 Bb8 52. Rb6 Bc7 53. Rc6 Bb8 54. Rbb6 1-0

[Event "Challenge #3"]
[Site "http://www.queenalice.com/game.php?id=803419"]
[Date "2010.7.14"]
[Round "-"]
[White "aknightout"]
[Black "jbudau"]
[Result "1-0"]
[WhiteElo "2063"]
[BlackElo "1711"]

1. e4 c5 2. Nf3 Nc6 3. d3 g6 4. g3 Bg7 5. Bg2 Nf6 6. O-O O-O 7. c3 e5 8. Qb3 Na5
9. Qc2 b6 10. Na3 Ba6 11. Nxe5 Nxe4 12. Nxf7 Rxf7 13. Bxe4 Rb8 14. Bd5 Kf8 15.
Bxf7 Kxf7 16. Bf4 Rc8 17. Rae1 Bf6 18. Re2 c4 19. d4 Nc6 20. Nb1 b5 21. b3 cxb3
22. Qxb3+ Kf8 23. Qa3+ 1-0

[Event "Challenge #4"]
[Site "http://www.queenalice.com/game.php?id=803420"]
[Date "2010.7.14"]
[Round "-"]
[White "jbudau"]
[Black "aknightout"]
[Result "0-1"]
[WhiteElo "1709"]
[BlackElo "2009"]

1. g3 e5 2. Bg2 Nf6 3. e3 d6 4. Ne2 g6 5. O-O Bg7 6. c3 O-O 7. d4 Nbd7 8. Nd2 c6
9. b4 Re8 10. Bb2 d5 11. a4 Nf8 12. a5 e4 13. Re1 Ng4 14. c4 h5 15. h3 Nh6 16.
c5 Bf5 17. Nf4 Ne6 18. Kh2 Ng5 19. Nxh5 gxh5 20. Qxh5 Bg6 21. Qe2 Bf6 22. f4 Nh7
23. Nf1 Qd7 24. g4 Bh4 25. Ng3 Nf6 26. f5 Bh7 27. Rg1 Qc7 28. Bh1 Bxf5 29. Kg2
Qxg3+ 30. Kf1 Qxh3+ 31. Bg2 Qh2 32. gxf5 Kh7 0-1

[Event "2011 Challenge #1"]
[Site "http://www.queenalice.com/game.php?id=881834"]
[Date "2011.1.6"]
[Round "-"]
[White "aknightout"]
[Black "jbudau"]
[Result "1-0"]
[WhiteElo "1884"]
[BlackElo "1705"]

1. e4 c5 2. Nf3 Nc6 3. Bc4 e6 4. Nc3 Be7 5. a3 Na5 6. Ba2 d6 7. O-O Nf6 8. d3
Bd7 9. Bd2 b6 10. e5 dxe5 11. Nxe5 O-O 12. f4 Nc6 13. Nxd7 Qxd7 14. Ne2 e5 15.
fxe5 Nxe5 16. h3 Rfd8 17. Bc3 Nc6 18. Qd2 a5 19. Qg5 Nd4 20. Rae1 Nd5 21. Qh5
Nxe2+ 22. Rxe2 Rac8 23. Qxf7+ 1-0

[Event "2011 Challenge #2"]
[Site "http://www.queenalice.com/game.php?id=881835"]
[Date "2011.1.6"]
[Round "-"]
[White "jbudau"]
[Black "aknightout"]
[Result "0-1"]
[WhiteElo "1691"]
[BlackElo "2044"]

1. e4 e5 2. b3 Nf6 3. d3 d5 4. exd5 Nxd5 5. Bb2 Nc6 6. Be2 f5 7. Nf3 Bd6 8. Nbd2
Be6 9. O-O g5 10. a3 g4 11. Ne1 Qh4 12. Nc4 f4 13. Nxd6+ cxd6 14. g3 Qh3 15. Qc1
Nce7 16. c4 Nf6 17. Bc3 h5 18. Kh1 f3 19. Nxf3 gxf3 20. Bxf3 Ng4 21. Bxg4 Bxg4
22. f3 Bd7 23. Rf2 O-O-O 24. c5 Nf5 25. Qg1 Rhg8 26. Rg2 Bc6 27. Qf2 Rg6 28. Re1
Rdg8 29. cxd6 Nh4 30. Bxe5 Nxf3 31. Qxa7 Kd7 32. Bf4 Nxe1 0-1